LIBRARY & INFORMATION CENTRE, KCAET, TAVANUR

ONLINE PUBLIC ACCESS CATALOGUE (OPAC)

Vikari Sathsari (Record no. 3409)

MARC details
000 -LEADER
fixed length control field 00358cam a2200169ua 4500
041 ## - LANGUAGE CODE
Language code of text/sound track or separate title hin
082 ## - DEWEY DECIMAL CLASSIFICATION NUMBER
Classification number 891.43
Item number GAN/VI
100 ## - MAIN ENTRY--AUTHOR NAME
Personal name Gannapath, Sankar .
245 ## - TITLE STATEMENT
Title Vikari Sathsari
260 ## - PUBLICATION, DISTRIBUTION, ETC. (IMPRINT)
Place of publication :
Name of publisher Rajkamal Series ,
Year of publication 1964.
300 ## - PHYSICAL DESCRIPTION
Number of Pages 262 ; .
942 ## - ADDED ENTRY ELEMENTS (KOHA)
Koha item type Books
Holdings
Withdrawn status Lost status Damaged status Home library Current library Date acquired Full call number Accession Number Koha item type
Withdrawn     KAUAET Sanskrit University 07/04/2012 891.43 1979 Books
free website counter